The art of reasoning / (Record no. 62204)
[ view plain ]
| 000 -LEADER | |
|---|---|
| fixed length control field | 00983pam a2200277 a 4500 |
| 001 - CONTROL NUMBER | |
| control field | 3543550 |
| 003 - CONTROL NUMBER IDENTIFIER | |
| control field | NUST-PNEC |
| 005 - DATE AND TIME OF LATEST TRANSACTION | |
| control field | 20170116180742.0 |
| 008 - FIXED-LENGTH DATA ELEMENTS--GENERAL INFORMATION | |
| fixed length control field | 970610s1998 nyua 001 0 eng |
| 010 ## - LIBRARY OF CONGRESS CONTROL NUMBER | |
| LC control number | 97025896 |
| 020 ## - INTERNATIONAL STANDARD BOOK NUMBER | |
| International Standard Book Number | 0393972135 |
| 040 ## - CATALOGING SOURCE | |
| Transcribing agency | PNEC |
| 050 00 - LIBRARY OF CONGRESS CALL NUMBER | |
| Classification number | BC177 |
| Item number | .K38 1998 |
| 082 00 - DEWEY DECIMAL CLASSIFICATION NUMBER | |
| Classification number | 160 KEL |
| Edition number | 21 |
| 100 1# - MAIN ENTRY--PERSONAL NAME | |
| Personal name | Kelley, David, |
| Dates associated with a name | 1949- |
| 245 14 - TITLE STATEMENT | |
| Title | The art of reasoning / |
| Statement of responsibility, etc. | David Kelley. |
| 250 ## - EDITION STATEMENT | |
| Edition statement | 3rd expanded ed. |
| 260 ## - PUBLICATION, DISTRIBUTION, ETC. | |
| Place of publication, distribution, etc. | New York : |
| Name of publisher, distributor, etc. | W.W. Norton, |
| Date of publication, distribution, etc. | c1998. |
| 300 ## - PHYSICAL DESCRIPTION | |
| Extent | xviii, 582, 91 p. : |
| Other physical details | ill. ; |
| Dimensions | 23 cm. |
| 500 ## - GENERAL NOTE | |
| General note | Includes index. |
| 650 #0 - SUBJECT ADDED ENTRY--TOPICAL TERM | |
| Topical term or geographic name entry element | Reasoning. |
| 856 ## - ELECTRONIC LOCATION AND ACCESS | |
| Uniform Resource Identifier | <a href="http://www.amazon.com/Art-Reasoning-Third-David-Kelley/dp/0393972135/ref=sr_1_1?s=books&ie=UTF8&qid=1419191990&sr=1-1&keywords=9780393972139">http://www.amazon.com/Art-Reasoning-Third-David-Kelley/dp/0393972135/ref=sr_1_1?s=books&ie=UTF8&qid=1419191990&sr=1-1&keywords=9780393972139</a> |
| 906 ## - LOCAL DATA ELEMENT F, LDF (RLIN) | |
| a | 7 |
| b | cbc |
| c | orignew |
| d | 1 |
| e | ocip |
| f | 19 |
| g | y-gencatlg |
| 942 ## - ADDED ENTRY ELEMENTS (KOHA) | |
| Source of classification or shelving scheme | |
| Koha item type | Book |
| Withdrawn status | Lost status | Source of classification or shelving scheme | Damaged status | Not for loan | Permanent Location | Current Location | Shelving location | Date acquired | Source of acquisition | Cost, normal purchase price | Total Checkouts | Full call number | Barcode | Date last seen | Cost, replacement price | Price effective from | Koha item type |
|---|---|---|---|---|---|---|---|---|---|---|---|---|---|---|---|---|---|
| Pakistan Navy Engineering College (PNEC) | Pakistan Navy Engineering College (PNEC) | 11/23/2009 | Library Grant | 4255.50 | 160 KEL | PNECLIB-029368 | 12/22/2014 | 4255.50 | 11/23/2009 | Book | |||||||
| Pakistan Navy Engineering College (PNEC) | Pakistan Navy Engineering College (PNEC) | 11/23/2009 | Library Grant | 5007.00 | 160 KEL | PNECLIB-029369 | 12/22/2014 | 5007.00 | 11/23/2009 | Book |
